Sổ tay truyện ngắn
Tập sách thu gom kinh nghiệm viết truyện ngắn của các nhà văn trong và ngoài nước. Những chập chững ban đầu, đề tài, kỹ năng, ngôn ngữ, cốt truyện, một số vấn đề nghề nghiệp
محفوظ في:
| المؤلف الرئيسي: | |
|---|---|
| التنسيق: | كتاب |
| اللغة: | Vietnamese |
| منشور في: |
H.
Nxb. Hội nhà văn
1998
|
| الطبعة: | In lần 2 |
| الموضوعات: | |
| الوسوم: |
إضافة وسم
لا توجد وسوم, كن أول من يضع وسما على هذه التسجيلة!
|
| Thư viện lưu trữ: | Mạng thư viện Đại học Đà Nẵng |
|---|
| LEADER | 01352nam a22003738a 4500 | ||
|---|---|---|---|
| 001 | 000005530 | ||
| 003 | 1675 | ||
| 005 | 20120406080408.0 | ||
| 008 | 110817s1998 b 000 0 od | ||
| 020 | |c 30000 |d 800b | ||
| 041 | 0 | |a 9807 | |
| 041 | 0 | |a vie | |
| 080 | |a 801.5 | ||
| 082 | |a 895.9223 |b SOT | ||
| 084 | |a V5(0)-3 |b S000ổ | ||
| 100 | 1 | |a Vương Trí Nhàn | |
| 245 | 1 | 0 | |a Sổ tay truyện ngắn |c Vương Trí Nhàn sưu tầm, b.s, dịch |
| 250 | |a In lần 2 | ||
| 260 | |a H. |b Nxb. Hội nhà văn |c 1998 | ||
| 300 | |a 202tr |c 19cm | ||
| 520 | |a Tập sách thu gom kinh nghiệm viết truyện ngắn của các nhà văn trong và ngoài nước. Những chập chững ban đầu, đề tài, kỹ năng, ngôn ngữ, cốt truyện, một số vấn đề nghề nghiệp | ||
| 653 | |a Nghiên cứu văn học | ||
| 653 | |a Việt Nam | ||
| 653 | |a truyện ngắn | ||
| OWN | |a LSP | ||
| AVA | |a UDN50 |b LSP |d 895.9223 SOT |e available |t Error 5001 Not defined in file expand_doc_bib_avail. |f 5 |g 0 |h N |i 0 |k 1 | ||
| 999 | |a From the UDN01 | ||
| AVA | |a UDN50 |b LSP |d 895.9223 SOT |e available |t Error 5001 Not defined in file expand_doc_bib_avail. |f 5 |g 0 |h N |i 0 |k 1 | ||
| TYP | |a Monograph | ||
| TYP | |a Printed language | ||
| 980 | |a Mạng thư viện Đại học Đà Nẵng | ||